000 00842nam a2200253 i 4500
001 105829
003 ES-MaACL
005 20251017120909.0
007 t|
008 060831s1933 sp ||||1| spa d
080 _a929 Van-Halen, Juan
080 _a821.134.2-94"19"
100 1 _aBaroja, Pío,
_d1872-1956
_925752
245 1 0 _aJuan Van Halen
_b: el oficial aventurero /
_cpor Pío Baroja.
250 _a2ª ed.
260 _aMadrid :
_bEspasa-Calpe,
_c1933.
300 _a359 p. :
_bil. ;
_c19 cm.
490 1 _aVidas españolas e hispanoamericanas del siglo XIX ;
_v31
500 _aBiblioteca Juan Andrade.
600 1 7 _aVan-Halen, Juan,
_d1788-1864
_2
_9138917
830 0 0 _aVidas españolas e hispanoamericanas del siglo XIX
_v31
_9192640
852 _aES-MaACL
_jAND-643
_bR.109941
999 _c105829
_d105829